=LDR 00000nam 2200000 4500 =001 000261 =005 20250710122618 =035 ##$$a 0010-0725000095 =245 1#$$a Siasat licik : $b Foxy si rubah /$c Nahida ismail =100 #$$a Nahida =250 ##$$a Cetakan kedua =300 ##$$a 14 hlm : $b Ilus. ; $c 21 cm =856 ##$$a TBM As suhada =260 ##$$a Rawamangun :$b Badan pengembangan dan pusat bahasa,$c 2022 =082 ##$$a PB 398.209 598 ISM s =084 ##$$a PB 398.209 598 ISM s NAH s =020 ##$$a 978-623-307-473-5 =650 #4$$a Cerita anak indonesia-terjemahan =600 #4$$a Literasi-bahan bacaan